KOHA-Header-6

Management Skills (Record no. 13464)

000 -LEADER
fixed length control field 00327nam a22001217a 4500
020 ## - INTERNATIONAL STANDARD BOOK NUMBER
ISBN 9780201544482
082 ## - DEWEY DECIMAL CLASSIFICATION NUMBER
Classification number 658.3
100 ## - MAIN ENTRY--AUTHOR NAME
Personal name Robin Evenden ; Gordon Anderson
245 ## - TITLE STATEMENT
Title Management Skills
Remainder of title Making the Most of People
260 ## - PUBLICATION, DISTRIBUTION, ETC. (IMPRINT)
Place of publication England
Name of publisher Addison-Wesley Publishers Ltd.
Year of publication 1992
300 ## - PHYSICAL DESCRIPTION
Number of Pages xv, 374 pages
942 ## - ADDED ENTRY ELEMENTS (KOHA)
Koha item type Books
Holdings
Withdrawn status Lost status Collection code Permanent Location Current Location Shelving location Date acquired Full call number Accession Number Koha item type
    Management MAJU MAJU Shelf No.A-5 2022-11-24 658.3 10539 Books

Powered by Koha